[Event "Viktor Kupreichik Memorial Rapid"]
[Site "Minsk"]
[Date "2019.08.15"]
[Round "1.2"]
[White "Uzlavataya, Anhelina"]
[Black "Zhigalko, Sergei"]
[Result "0-1"]
[WhiteElo "1953"]
[BlackElo "2702"]
[PlyCount "54"]
[EventDate "2019.08.15"]
[EventType "swiss"]
[EventRounds "10"]
[EventCountry "BLR"]
[WhiteTeam "Áåëîðóññèÿ"]
[BlackTeam "Áåëîðóññèÿ"]
[WhiteTeamCountry "BLR"]
[BlackTeamCountry "BLR"]

1. Nf3 d5 2. g3 c6 3. Bg2 Bg4 4. O-O e6 5. d3 Bd6 6. b3 Ne7 7. Bb2 O-O 8. e4
Nd7 9. Nbd2 a5 10. a4 Re8 11. h3 Bh5 12. Qe1 c5 13. e5 Bc7 14. g4 Bg6 15. Nh4
Nc6 16. f4 Nb4 17. Qg3 Nxc2 18. f5 exf5 19. gxf5 Bh5 20. Ndf3 d4 21. f6 Qxf6
22. exf6 Bxg3 23. Nf5 Nxa1 24. Rxa1 Bf4 25. Nxg7 Bxf3 26. Bxf3 Re5 27. Kf2 Nxf6
0-1

[Event "Viktor Kupreichik Memorial Rapid"]
[Site "Minsk"]
[Date "2019.08.15"]
[Round "1.3"]
[White "Tiviakov, Sergei"]
[Black "Shaban, Alena"]
[Result "1-0"]
[WhiteElo "2666"]
[BlackElo "1936"]
[PlyCount "71"]
[EventDate "2019.08.15"]
[EventType "swiss"]
[EventRounds "10"]
[EventCountry "BLR"]
[WhiteTeam "Íèäåðëàíäû"]
[BlackTeam "Áåëîðóññèÿ"]
[WhiteTeamCountry "NED"]
[BlackTeamCountry "BLR"]

1. e4 Nf6 2. e5 Nd5 3. d4 d6 4. Nf3 g6 5. Bc4 Nb6 6. Bb3 Bg7 7. Qe2 O-O 8. h3
Nc6 9. O-O Bf5 10. Nc3 Na5 11. Bf4 a6 12. Rad1 h6 13. Rfe1 g5 14. Bg3 Nxb3 15.
axb3 Bg6 16. d5 f5 17. exf6 exf6 18. Nd4 Re8 19. Qf3 Qd7 20. Re6 Bf7 21. Rde1
c5 22. dxc6 Rxe6 23. Rxe6 bxc6 24. Rxd6 Qe8 25. Rxc6 Nd7 26. Nf5 Ne5 27. Bxe5
Qxe5 28. Nxg7 Kxg7 29. Rxf6 Qe1+ 30. Kh2 Qe5+ 31. g3 Qxf6 32. Qxa8 Qxf2+ 33.
Qg2 Qf5 34. Nd1 Bd5 35. Ne3 Bxg2 36. Nxf5+ 1-0

[Event "Viktor Kupreichik Memorial Rapid"]
[Site "Minsk"]
[Date "2019.08.15"]
[Round "1.4"]
[White "Tyurin, Artem"]
[Black "Paravyan, David"]
[Result "0-1"]
[WhiteElo "1934"]
[BlackElo "2626"]
[PlyCount "96"]
[EventDate "2019.08.15"]
[EventType "swiss"]
[EventRounds "10"]
[EventCountry "BLR"]
[WhiteTeam "Ðîññèÿ"]
[BlackTeam "Ðîññèÿ"]
[WhiteTeamCountry "RUS"]
[BlackTeamCountry "RUS"]

1. c4 Nf6 2. Nc3 e5 3. g3 Bb4 4. e4 O-O 5. Nge2 b5 6. cxb5 a6 7. Bg2 axb5 8.
O-O Bb7 9. d3 c6 10. Bd2 Re8 11. h3 Bc5 12. Rc1 Bb6 13. b4 Ra3 14. Qc2 d6 15.
Qb2 Ra8 16. Kh2 Nbd7 17. f4 Nf8 18. f5 h6 19. g4 N8h7 20. Ng3 Qd7 21. Nce2 d5
22. Bc3 Qe7 23. d4 exd4 24. Bxd4 Bc7 25. Nf4 dxe4 26. Rce1 Ng5 27. h4 Nxg4+ 28.
Kg1 Nh7 29. f6 Nhxf6 30. Nf5 Qd8 31. Nxg7 Rxa2 32. Bxf6 Rxb2 33. Bxd8 Rxd8 34.
Nf5 Bb6+ 35. Kh1 Kh7 36. Ng3 Bf2 37. Bxe4+ Kh8 38. Re2 Rxb4 39. Rexf2 Nxf2+ 40.
Rxf2 Rxe4 41. Nxe4 c5 42. Kh2 Bxe4 43. Re2 Rd4 44. Nh5 Bg6 45. Nf6 Kg7 46. Ne8+
Kf8 47. Nf6 Rd6 48. Ng4 Bh5 0-1

[Event "Viktor Kupreichik Memorial Rapid"]
[Site "Minsk"]
[Date "2019.08.15"]
[Round "1.7"]
[White "Vaganian, Rafael A"]
[Black "Rataika, Mikalai"]
[Result "1-0"]
[WhiteElo "2502"]
[BlackElo "1920"]
[PlyCount "55"]
[EventDate "2019.08.15"]
[EventType "swiss"]
[EventRounds "10"]
[EventCountry "BLR"]
[WhiteTeam "Àðìåíèÿ"]
[BlackTeam "Áåëîðóññèÿ"]
[WhiteTeamCountry "ARM"]
[BlackTeamCountry "BLR"]

1. d4 Nf6 2. Bg5 g6 3. Bxf6 exf6 4. e3 Bg7 5. h4 d5 6. c4 dxc4 7. Bxc4 a6 8.
Nc3 b5 9. Bd5 c6 10. Bb3 Nd7 11. h5 Nb6 12. Nge2 Bg4 13. f3 Bxh5 14. g4 Bxg4
15. fxg4 Qe7 16. Qd3 a5 17. a4 b4 18. Ne4 O-O 19. O-O-O Rfe8 20. N2g3 Nd7 21.
Kb1 c5 22. Rc1 Red8 23. Qc4 cxd4 24. exd4 Nf8 25. Rhe1 Qd7 26. Nd6 Qxd6 27.
Qxf7+ Kh8 28. Qg8# 1-0

[Event "Viktor Kupreichik Memorial Rapid"]
[Site "Minsk"]
[Date "2019.08.15"]
[Round "1.8"]
[White "Talma, Sergei"]
[Black "Teterev, Vitaly"]
[Result "0-1"]
[WhiteElo "1877"]
[BlackElo "2490"]
[PlyCount "90"]
[EventDate "2019.08.15"]
[EventType "swiss"]
[EventRounds "10"]
[EventCountry "BLR"]
[WhiteTeam "Áåëîðóññèÿ"]
[BlackTeam "Áåëîðóññèÿ"]
[WhiteTeamCountry "BLR"]
[BlackTeamCountry "BLR"]

1. d4 Nf6 2. Nc3 d5 3. Bf4 e6 4. Nb5 Na6 5. e3 c6 6. Nc3 Nb8 7. Bd3 Bb4 8. Nge2
O-O 9. a3 Be7 10. h3 c5 11. dxc5 Bxc5 12. O-O Nc6 13. Nd4 Re8 14. Nb3 Bf8 15.
e4 d4 16. Ne2 e5 17. Bg5 h6 18. Bxf6 Qxf6 19. f4 Bd6 20. f5 Qg5 21. Rf3 Bd7 22.
Rg3 Qd8 23. Qd2 Kh7 24. Rf1 Be7 25. Bc4 Rf8 26. Qd3 Rc8 27. Qf3 Nb8 28. Qg4 Bf6
29. Bd5 Rxc2 30. Qh5 Be8 31. Nexd4 exd4 32. e5 Nd7 33. e6 fxe6 34. Qd1 exd5 35.
Qxc2 Qb6 36. Kh1 Ne5 37. Qc5 Qxc5 38. Nxc5 b6 39. Ne6 Rf7 40. Nxd4 Nc4 41. Ne6
Bxb2 42. Rd1 Rxf5 43. Nc7 Be5 44. Rxd5 Rf1+ 45. Kh2 Bxc7 0-1

[Event "Viktor Kupreichik Memorial Rapid"]
[Site "Minsk"]
[Date "2019.08.15"]
[Round "1.9"]
[White "Dydyshko, Viacheslav"]
[Black "Masjuk, Vladimir"]
[Result "1-0"]
[WhiteElo "2463"]
[BlackElo "1842"]
[PlyCount "63"]
[EventDate "2019.08.15"]
[EventType "swiss"]
[EventRounds "10"]
[EventCountry "BLR"]
[WhiteTeam "Áåëîðóññèÿ"]
[BlackTeam "Áåëîðóññèÿ"]
[WhiteTeamCountry "BLR"]
[BlackTeamCountry "BLR"]

1. d4 d6 2. Nf3 Bf5 3. g3 Nf6 4. Bg2 c6 5. c4 Nbd7 6. O-O e5 7. Nc3 Be7 8. Nh4
Bg6 9. e4 O-O 10. Nf5 Bxf5 11. exf5 Qc7 12. Re1 Rad8 13. Be3 Rfe8 14. h3 a6 15.
Rc1 Bf8 16. d5 h6 17. g4 c5 18. h4 Qc8 19. g5 Nh7 20. Ne4 Nb6 21. Bh3 hxg5 22.
hxg5 g6 23. Qf3 Qc7 24. f6 Nd7 25. Kg2 b5 26. b3 bxc4 27. bxc4 Rb8 28. Rh1 Rb4
29. Bg4 Bg7 30. Rxh7 Kxh7 31. Qh3+ Kg8 32. Bxd7 1-0

[Event "Viktor Kupreichik Memorial Rapid"]
[Site "Minsk"]
[Date "2019.08.15"]
[Round "1.11"]
[White "Balashov, Yuri S"]
[Black "Sadovnikov, Konstantin"]
[Result "1-0"]
[WhiteElo "2420"]
[BlackElo "1801"]
[PlyCount "61"]
[EventDate "2019.08.15"]
[EventType "swiss"]
[EventRounds "10"]
[EventCountry "BLR"]
[WhiteTeam "Ðîññèÿ"]
[BlackTeam "Ðîññèÿ"]
[WhiteTeamCountry "RUS"]
[BlackTeamCountry "RUS"]

1. Nf3 c5 2. c4 Nf6 3. Nc3 g6 4. d4 b6 5. d5 d6 6. e4 Bg7 7. h3 O-O 8. Bd3 e6
9. O-O exd5 10. exd5 a6 11. Bf4 Re8 12. Qd2 Qc7 13. Rfe1 Nbd7 14. Rxe8+ Nxe8
15. Re1 Nef6 16. Bg3 Bb7 17. Qf4 Bf8 18. Bh4 Nh5 19. Qe3 Ng7 20. g4 Re8 21. Qd2
Rxe1+ 22. Qxe1 h6 23. Qe3 g5 24. Bxg5 hxg5 25. Qxg5 Ne5 26. Nxe5 dxe5 27. Ne4
Be7 28. Qh6 Bd8 29. d6 Qd7 30. Nf6+ Bxf6 31. Qh7+ 1-0

[Event "Viktor Kupreichik Memorial Rapid"]
[Site "Minsk"]
[Date "2019.08.15"]
[Round "1.12"]
[White "Shakhadanau, Henadzi"]
[Black "Mustaps, Matiss"]
[Result "0-1"]
[WhiteElo "1798"]
[BlackElo "2413"]
[PlyCount "50"]
[EventDate "2019.08.15"]
[EventType "swiss"]
[EventRounds "10"]
[EventCountry "BLR"]
[WhiteTeam "Áåëîðóññèÿ"]
[BlackTeam "Ëàòâèÿ"]
[WhiteTeamCountry "BLR"]
[BlackTeamCountry "LAT"]

1. e4 c5 2. Nf3 d6 3. d4 cxd4 4. Nxd4 Nf6 5. Nc3 g6 6. Be3 Bg7 7. f3 Nc6 8. Qd2
O-O 9. g4 Bxg4 10. fxg4 Nxg4 11. Nxc6 bxc6 12. Bg1 Rb8 13. Be2 Bh6 14. Qd3 Ne5
15. Qh3 Bg7 16. O-O-O Qa5 17. Rd4 Rb4 18. Rxb4 Qxb4 19. a3 Qa5 20. Bd4 e6 21.
Qe3 c5 22. Bxe5 Bxe5 23. h4 Qd8 24. h5 g5 25. h6 Bf4 0-1

[Event "Viktor Kupreichik Memorial Rapid"]
[Site "Minsk"]
[Date "2019.08.15"]
[Round "1.13"]
[White "Pogosian, Manvel"]
[Black "Tkachou, Viktar"]
[Result "1-0"]
[WhiteElo "2344"]
[BlackElo "1784"]
[PlyCount "73"]
[EventDate "2019.08.15"]
[EventType "swiss"]
[EventRounds "10"]
[EventCountry "BLR"]
[WhiteTeam "Áåëîðóññèÿ"]
[BlackTeam "Áåëîðóññèÿ"]
[WhiteTeamCountry "BLR"]
[BlackTeamCountry "BLR"]

1. d4 Nf6 2. Nf3 e6 3. c4 b6 4. g3 Bb7 5. Bg2 Be7 6. O-O O-O 7. Re1 d6 8. d5
exd5 9. Nh4 c5 10. cxd5 Nbd7 11. Nc3 a6 12. a4 Re8 13. e4 Ne5 14. f4 Ng6 15.
Nxg6 fxg6 16. e5 Nd7 17. e6 Nf6 18. g4 Rf8 19. Be3 Ne8 20. g5 Nc7 21. Qb3 Rb8
22. Qa3 a5 23. Qb3 Na6 24. Rad1 Nb4 25. Be4 Ba6 26. Rd2 c4 27. Qd1 Nd3 28. Rf1
Qe8 29. h4 Nc5 30. Bxc5 bxc5 31. Rh2 h5 32. gxh6 gxh6 33. Bxg6 Qxg6+ 34. Rg2
Qxg2+ 35. Kxg2 Rxb2+ 36. Kh1 Rf6 37. Ne4 1-0

[Event "Viktor Kupreichik Memorial Rapid"]
[Site "Minsk"]
[Date "2019.08.15"]
[Round "1.14"]
[White "Zvereva, Margarita"]
[Black "Zhukova, Natalia"]
[Result "0-1"]
[WhiteElo "1776"]
[BlackElo "2320"]
[PlyCount "58"]
[EventDate "2019.08.15"]
[EventType "swiss"]
[EventRounds "10"]
[EventCountry "BLR"]
[WhiteTeam "Ðîññèÿ"]
[BlackTeam "Óêðàèíà"]
[WhiteTeamCountry "RUS"]
[BlackTeamCountry "UKR"]

1. d4 Nf6 2. Nf3 e6 3. e3 c5 4. Bd3 d5 5. b3 Nc6 6. Bb2 cxd4 7. exd4 Bb4+ 8. c3
Bd6 9. O-O O-O 10. Nbd2 b6 11. a3 Bb7 12. c4 Ne7 13. Re1 Ng6 14. Bxg6 hxg6 15.
Ne5 Rc8 16. Rc1 Qe7 17. b4 dxc4 18. Ndxc4 Bb8 19. Ne3 Nd5 20. Nxd5 Bxd5 21. Qg4
Qb7 22. f3 Rxc1 23. Rxc1 Rc8 24. h4 Rxc1+ 25. Bxc1 Qc8 26. Bg5 Qc3 27. h5 gxh5
28. Qxh5 Qxd4+ 29. Kh1 Bxe5 0-1

[Event "Viktor Kupreichik Memorial Rapid"]
[Site "Minsk"]
[Date "2019.08.15"]
[Round "1.15"]
[White "Pein, Malcolm"]
[Black "Stanishevskij, Aleksandr"]
[Result "1-0"]
[WhiteElo "2319"]
[BlackElo "1700"]
[PlyCount "61"]
[EventDate "2019.08.15"]
[EventType "swiss"]
[EventRounds "10"]
[EventCountry "BLR"]
[WhiteTeam "Àíãëèÿ"]
[BlackTeam "Áåëîðóññèÿ"]
[WhiteTeamCountry "ENG"]
[BlackTeamCountry "BLR"]

1. Nf3 f5 2. b3 Nf6 3. Bb2 d6 4. d4 g6 5. g3 Bg7 6. Bg2 O-O 7. O-O Qe8 8. Nbd2
h6 9. Re1 Nbd7 10. e4 fxe4 11. Nxe4 Qf7 12. Qe2 Re8 13. Neg5 hxg5 14. Nxg5 Qf8
15. Ne6 Qf7 16. Nxc7 Rb8 17. Nxe8 Qxe8 18. Qxe7 Qxe7 19. Rxe7 Bf8 20. Re3 b6
21. Rae1 Bb7 22. c4 Bxg2 23. Kxg2 Kf7 24. Rf3 Kg8 25. Re6 Kf7 26. d5 Bg7 27.
Rxd6 Rb7 28. g4 g5 29. h4 Kg6 30. h5+ Kf7 31. Rf5 1-0

[Event "Viktor Kupreichik Memorial Rapid"]
[Site "Minsk"]
[Date "2019.08.15"]
[Round "1.18"]
[White "Ostrovskiy, Viktor"]
[Black "Meshkov, Yuri A"]
[Result "0-1"]
[WhiteElo "1654"]
[BlackElo "2261"]
[PlyCount "60"]
[EventDate "2019.08.15"]
[EventType "swiss"]
[EventRounds "10"]
[EventCountry "BLR"]
[WhiteTeam "Ðîññèÿ"]
[BlackTeam "Ðîññèÿ"]
[WhiteTeamCountry "RUS"]
[BlackTeamCountry "RUS"]

1. e4 g6 2. d4 Bg7 3. c4 d6 4. Nf3 Bg4 5. Be2 Nc6 6. Be3 e5 7. d5 Bxf3 8. Bxf3
Nd4 9. O-O Ne7 10. Nc3 c5 11. dxc6 bxc6 12. Be2 a5 13. f4 Rb8 14. Rb1 O-O 15.
fxe5 dxe5 16. Bg5 f6 17. Be3 Qd6 18. Na4 Rfd8 19. Kh1 h5 20. c5 Qe6 21. Rc1
Nxe2 22. Qxe2 Qxa2 23. Qc4+ Qxc4 24. Rxc4 Rb3 25. Rc3 Rb4 26. Nb6 Rxe4 27. Ra1
Nd5 28. Nxd5 Rxd5 29. Rxa5 Rd1+ 30. Bg1 Ree1 0-1

[Event "Viktor Kupreichik Memorial Rapid"]
[Site "Minsk"]
[Date "2019.08.15"]
[Round "1.20"]
[White "Lashkevich, Andrei"]
[Black "Zarubitski, Viachaslau"]
[Result "0-1"]
[WhiteElo "1612"]
[BlackElo "2260"]
[PlyCount "112"]
[EventDate "2019.08.15"]
[EventType "swiss"]
[EventRounds "10"]
[EventCountry "BLR"]
[WhiteTeam "Áåëîðóññèÿ"]
[BlackTeam "Áåëîðóññèÿ"]
[WhiteTeamCountry "BLR"]
[BlackTeamCountry "BLR"]

1. e4 c5 2. Nf3 e6 3. d3 Nc6 4. g3 Nf6 5. Bg2 Be7 6. Nbd2 d5 7. O-O b6 8. e5
Nd7 9. Re1 Qc7 10. Qe2 Bb7 11. c3 a5 12. a4 h6 13. Nf1 g5 14. g4 h5 15. h3 hxg4
16. hxg4 O-O-O 17. Ng3 Rdg8 18. d4 cxd4 19. cxd4 Nb4 20. Be3 Ba6 21. Qd2 Qd8
22. Rec1+ Kb7 23. Bf1 Bxf1 24. Nxf1 Qf8 25. N1h2 Qh6 26. Qe2 f5 27. exf6 Bd6
28. Qb5 Nxf6 29. Bd2 Qh3 30. Bxb4 Bxh2+ 31. Nxh2 Qxh2+ 32. Kf1 Qh1+ 33. Ke2
Qe4+ 34. Kd2 Qxd4+ 35. Ke2 Qe4+ 36. Kd2 Qxb4+ 37. Qxb4 axb4 38. Re1 Ne4+ 39.
Ke3 Rh3+ 40. Kd4 Rc8 41. a5 Ra8 42. Ke5 Nc5 43. Kf6 Rf3+ 44. Kxg5 Rxf2 45. Rh1
Rxa5 46. Rh7+ Kc6 47. Rah1 Ne4+ 48. Kg6 d4 49. Re7 Kd6 50. Rb7 d3 51. Rxb6+ Kd5
52. g5 Kc4 53. Rxe6 Rxg5+ 54. Kh6 Rg4 55. Kh5 Rfg2 56. Re1 Rg5+ 0-1

[Event "Viktor Kupreichik Memorial Rapid"]
[Site "Minsk"]
[Date "2019.08.15"]
[Round "1.23"]
[White "Barskij, Vladimir"]
[Black "Karlov, Egor"]
[Result "1-0"]
[WhiteElo "2254"]
[BlackElo "1573"]
[PlyCount "47"]
[EventDate "2019.08.15"]
[EventType "swiss"]
[EventRounds "10"]
[EventCountry "BLR"]
[WhiteTeam "Ðîññèÿ"]
[BlackTeam "Ðîññèÿ"]
[WhiteTeamCountry "RUS"]
[BlackTeamCountry "RUS"]

1. e4 e6 2. d4 d5 3. exd5 exd5 4. Nf3 Bd6 5. c4 c6 6. Nc3 Nf6 7. Bg5 Be6 8.
cxd5 cxd5 9. Qb3 Qe7 10. Bxf6 gxf6 11. Bb5+ Nc6 12. O-O O-O-O 13. Rfe1 a6 14.
Bf1 Qd7 15. Na4 Qc7 16. Rac1 Rhg8 17. Nc5 Bxc5 18. Rxc5 Rg7 19. Rec1 Rd6 20.
Qc3 Kd7 21. Ne5+ fxe5 22. dxe5 h6 23. exd6 Qxd6 24. Qxg7 1-0

[Event "Viktor Kupreichik Memorial Rapid"]
[Site "Minsk"]
[Date "2019.08.15"]
[Round "1.25"]
[White "Maryasin, Boris"]
[Black "Drobyshevsky, Vasily"]
[Result "1-0"]
[WhiteElo "2250"]
[BlackElo "1552"]
[PlyCount "113"]
[EventDate "2019.08.15"]
[EventType "swiss"]
[EventRounds "10"]
[EventCountry "BLR"]
[WhiteTeam "Èçðàèëü"]
[BlackTeam "Áåëîðóññèÿ"]
[WhiteTeamCountry "ISR"]
[BlackTeamCountry "BLR"]

1. e4 d5 2. exd5 Qxd5 3. Nc3 Qe5+ 4. Be2 Bg4 5. d4 Bxe2 6. Ngxe2 Qa5 7. O-O Nf6
8. d5 c6 9. b4 Qd8 10. Nf4 cxd5 11. Nfxd5 Nxd5 12. Nxd5 e6 13. Re1 Be7 14. Nxe7
Qxe7 15. Qg4 O-O 16. Bb2 f5 17. Qc4 Re8 18. Re3 Na6 19. a3 Rac8 20. Qd4 Qf7 21.
Rae1 Nc7 22. Rg3 e5 23. Rxe5 Rxe5 24. Qxe5 Ne8 25. Rc3 Rxc3 26. Bxc3 Qd7 27. h3
Qd1+ 28. Kh2 Qd6 29. a4 Qxe5+ 30. Bxe5 Kf7 31. Kg3 g6 32. f4 Ke6 33. c4 a6 34.
Kf3 h6 35. Ke3 g5 36. g3 gxf4+ 37. gxf4 h5 38. Kd4 Nd6 39. Bxd6 Kxd6 40. c5+
Ke6 41. b5 axb5 42. axb5 h4 43. b6 Kd7 44. Kd5 Kc8 45. Ke6 Kd8 46. Kxf5 Kd7 47.
Ke5 Kc6 48. Kd4 Kd7 49. Kd5 Ke7 50. c6 bxc6+ 51. Kxc6 Kf6 52. b7 Kf5 53. b8=Q
Ke4 54. Qe5+ Kf3 55. Kd5 Kg3 56. Ke4 Kxh3 57. Kf3 1-0

[Event "Viktor Kupreichik Memorial Rapid"]
[Site "Minsk"]
[Date "2019.08.15"]
[Round "1.38"]
[White "Kasperovich, Mikhail"]
[Black "Zhukovskij, Viktor"]
[Result "0-1"]
[WhiteElo "1350"]
[BlackElo "2028"]
[PlyCount "92"]
[EventDate "2019.08.15"]
[EventType "swiss"]
[EventRounds "10"]
[EventCountry "BLR"]
[WhiteTeam "Áåëîðóññèÿ"]
[BlackTeam "Áåëîðóññèÿ"]
[WhiteTeamCountry "BLR"]
[BlackTeamCountry "BLR"]

1. d4 Nf6 2. Nf3 d5 3. c4 c6 4. Nc3 a6 5. a4 e6 6. Bg5 a5 7. e3 Be7 8. Bd3 O-O
9. O-O Na6 10. Na2 b6 11. Qc2 h6 12. Bh4 Bb7 13. Ne5 c5 14. Rfd1 Rc8 15. Qe2
cxd4 16. cxd5 Qxd5 17. Nf3 Nc5 18. exd4 Nxd3 19. Qxd3 Rfd8 20. Nc3 Qh5 21. Bg3
Bxf3 22. Qxf3 Qxf3 23. gxf3 Rc4 24. Nb5 Nd5 25. Rdc1 Rdc8 26. Rxc4 Rxc4 27. b3
Rc2 28. Rb1 Bb4 29. Bd6 Bxd6 30. Nxd6 Kf8 31. Nc4 Rc3 32. Rd1 Rxb3 33. Kg2 Rb4
34. Rc1 Rxa4 35. Ne3 Rxd4 36. Rc8+ Ke7 37. Nxd5+ Rxd5 38. Rb8 b5 39. Rb7+ Kf6
40. f4 a4 41. Kf3 a3 42. Ke3 Rd1 43. Ra7 b4 44. Ke2 Rb1 45. Kd2 Rb2+ 46. Kd3 a2
0-1

[Event "Viktor Kupreichik Memorial Rapid"]
[Site "Minsk"]
[Date "2019.08.15"]
[Round "2.1"]
[White "Agapov, Sergey"]
[Black "Safarli, Eltaj"]
[Result "0-1"]
[WhiteElo "2251"]
[BlackElo "2708"]
[PlyCount "74"]
[EventDate "2019.08.15"]
[EventType "swiss"]
[EventRounds "10"]
[EventCountry "BLR"]
[WhiteTeam "Ðîññèÿ"]
[BlackTeam "Àçåéðáàäæàí"]
[WhiteTeamCountry "RUS"]
[BlackTeamCountry "AZE"]

1. d4 Nf6 2. c4 g6 3. Nc3 d5 4. cxd5 Nxd5 5. e4 Nxc3 6. bxc3 Bg7 7. Nf3 c5 8.
Be2 O-O 9. O-O Nd7 10. Be3 Nf6 11. Qc2 b6 12. Rad1 e6 13. dxc5 Qc7 14. cxb6
axb6 15. Bd4 Bb7 16. Bd3 Rfc8 17. Qb1 Nd7 18. Bb5 Nc5 19. Rfe1 Ra3 20. h4 Rca8
21. Rd2 Qf4 22. Rde2 h6 23. Qb4 Bxd4 24. cxd4 Nxe4 25. d5 exd5 26. Nd2 Rxa2 27.
Nxe4 dxe4 28. Qe7 Rxe2 29. Bxe2 Bd5 30. Rd1 Be6 31. g3 Qb8 32. Rd6 Qf8 33. Rxe6
fxe6 34. Qxe6+ Kg7 35. Qxe4 Re8 36. Qg4 Qf5 37. Qc4 Qe6 0-1

[Event "Viktor Kupreichik Memorial Rapid"]
[Site "Minsk"]
[Date "2019.08.15"]
[Round "2.2"]
[White "Zhigalko, Sergei"]
[Black "Maryasin, Boris"]
[Result "1-0"]
[WhiteElo "2702"]
[BlackElo "2250"]
[PlyCount "59"]
[EventDate "2019.08.15"]
[EventType "swiss"]
[EventRounds "10"]
[EventCountry "BLR"]
[WhiteTeam "Áåëîðóññèÿ"]
[BlackTeam "Èçðàèëü"]
[WhiteTeamCountry "BLR"]
[BlackTeamCountry "ISR"]

1. e4 c5 2. Nf3 Nc6 3. c3 Nf6 4. e5 Nd5 5. Bc4 e6 6. O-O d6 7. d4 cxd4 8. cxd4
Be7 9. Bd2 O-O 10. Nc3 Nxc3 11. Bxc3 a6 12. d5 exd5 13. Bxd5 Bg4 14. h3 Bxf3
15. Qxf3 Nxe5 16. Qe4 Rb8 17. Bxb7 Qb6 18. Bd5 Bf6 19. Qf5 Qd8 20. Rad1 Nd7 21.
Ba5 Nb6 22. b3 Qc8 23. Be4 Qxf5 24. Bxf5 Rfd8 25. Rc1 g6 26. Bd3 Rd7 27. Rfd1
Nd5 28. Bxa6 Ra8 29. Rc8+ Rxc8 30. Bxc8 1-0

[Event "Viktor Kupreichik Memorial Rapid"]
[Site "Minsk"]
[Date "2019.08.15"]
[Round "2.3"]
[White "Kochetkov, German"]
[Black "Tiviakov, Sergei"]
[Result "0-1"]
[WhiteElo "2232"]
[BlackElo "2666"]
[PlyCount "155"]
[EventDate "2019.08.15"]
[EventType "swiss"]
[EventRounds "10"]
[EventCountry "BLR"]
[WhiteTeam "Áåëîðóññèÿ"]
[BlackTeam "Íèäåðëàíäû"]
[WhiteTeamCountry "BLR"]
[BlackTeamCountry "NED"]

1. f4 Nf6 2. Nf3 d5 3. g3 g6 4. Bg2 Bg7 5. O-O O-O 6. d3 c5 7. Nc3 Nc6 8. e4
dxe4 9. dxe4 Qxd1 10. Rxd1 e5 11. Be3 b6 12. Nd5 Bb7 13. Nxf6+ Bxf6 14. Rd7
Rab8 15. c3 Bg7 16. Rad1 exf4 17. Bxf4 Rbd8 18. R1d6 Ba8 19. Bg5 Rxd7 20. Rxd7
h6 21. Bf4 Re8 22. Nd2 g5 23. Be3 Rd8 24. Rd5 Kf8 25. h4 gxh4 26. gxh4 Rxd5 27.
exd5 Ne5 28. Be4 Ke8 29. Kg2 Ng4 30. Kf3 f5 31. Bxf5 Nxe3 32. Kxe3 Bxd5 33.
Bg6+ Ke7 34. c4 Bd4+ 35. Kf4 Bc6 36. b3 Kf6 37. Be4 Bd7 38. Nf3 Bb2 39. a4 Bc1+
40. Kg3 Bf5 41. Bxf5 Kxf5 42. Ng1 Ke4 43. Ne2 Bd2 44. Ng1 Kd3 45. Nf3 Be3 46.
Ne5+ Kc3 47. Kf3 Bc1 48. a5 bxa5 49. Nc6 a6 50. Nxa5 Kb4 51. Nb7 Bd2 52. Ke4
Be1 53. h5 a5 54. Kd5 Bf2 55. Kc6 Be3 56. Kb6 Kxb3 57. Nxa5+ Kb4 58. Nc6+ Kxc4
59. Ne5+ Kd4 60. Nc6+ Ke4 61. Kb5 Kf5 62. Kc4 Kg5 63. Kd3 Bg1 64. Ke2 Kxh5 65.
Ne5 Bd4 66. Nc4 Kg4 67. Kf1 Kg3 68. Nd6 h5 69. Ne4+ Kf3 70. Nd2+ Ke3 71. Nc4+
Kd3 72. Nb6 Ke4 73. Kg2 Be3 74. Nc4 Bg5 75. Nb6 Kd4 76. Nd7 c4 77. Nf8 c3 78.
Ne6+ 0-1

[Event "Viktor Kupreichik Memorial Rapid"]
[Site "Minsk"]
[Date "2019.08.15"]
[Round "2.4"]
[White "Paravyan, David"]
[Black "Smirnov, Valerij"]
[Result "0-1"]
[WhiteElo "2626"]
[BlackElo "2203"]
[PlyCount "94"]
[EventDate "2019.08.15"]
[EventType "swiss"]
[EventRounds "10"]
[EventCountry "BLR"]
[WhiteTeam "Ðîññèÿ"]
[BlackTeam "Áåëîðóññèÿ"]
[WhiteTeamCountry "RUS"]
[BlackTeamCountry "BLR"]

1. e4 c5 2. Nf3 a6 3. g3 g6 4. Bg2 Bg7 5. O-O d6 6. d4 cxd4 7. Nxd4 Nc6 8. Nxc6
bxc6 9. c4 Rb8 10. Nc3 c5 11. Qd2 Qa5 12. Qc2 Nf6 13. b3 O-O 14. Bb2 Bb7 15. h3
Rfe8 16. f4 e6 17. Rad1 Rbd8 18. g4 Qc7 19. Qf2 Nd7 20. Kh1 Nb8 21. f5 Nc6 22.
f6 Bf8 23. Ne2 e5 24. g5 Nd4 25. h4 Bc8 26. Nc3 Bg4 27. Rd3 Qd7 28. Rg3 a5 29.
Nd5 Rb8 30. Nc3 Rb7 31. Kh2 Ra8 32. Na4 h5 33. Bh3 Bxh3 34. Rxh3 d5 35. cxd5 c4
36. Bxd4 exd4 37. Qxd4 cxb3 38. axb3 Rb4 39. Qd3 Bd6+ 40. Kh1 Rab8 41. Nc3 Rxb3
42. Re3 Be5 43. Qc4 Qg4 44. Qe2 Qxh4+ 45. Kg1 Rxc3 46. Rxc3 Bxc3 47. Qe3 Rb2
0-1

[Event "Viktor Kupreichik Memorial Rapid"]
[Site "Minsk"]
[Date "2019.08.15"]
[Round "2.5"]
[White "Vashchilov, Sergey"]
[Black "Aleksandrov, Aleksej"]
[Result "0-1"]
[WhiteElo "2070"]
[BlackElo "2569"]
[PlyCount "62"]
[EventDate "2019.08.15"]
[EventType "swiss"]
[EventRounds "10"]
[EventCountry "BLR"]
[WhiteTeam "Áåëîðóññèÿ"]
[BlackTeam "Áåëîðóññèÿ"]
[WhiteTeamCountry "BLR"]
[BlackTeamCountry "BLR"]

1. e4 e5 2. Nf3 Nc6 3. d4 exd4 4. Nxd4 Nf6 5. Nc3 Bb4 6. Nxc6 bxc6 7. Bd3 O-O
8. O-O Re8 9. Re1 Rb8 10. Bd2 Bf8 11. e5 Nd5 12. Qf3 Rxb2 13. Bc4 Rxc2 14. Rad1
d6 15. Bb3 Rb2 16. Nxd5 cxd5 17. Bc3 Rxb3 18. axb3 Be6 19. b4 Qd7 20. h3 Rb8
21. Qe3 c5 22. bxc5 dxc5 23. Qd2 h6 24. Rb1 Rc8 25. Red1 d4 26. Ba5 Qd5 27. f4
c4 28. Bb4 c3 29. Qc2 Qa2 30. Rdc1 Qxc2 31. Rxc2 Bf5 0-1

[Event "Viktor Kupreichik Memorial Rapid"]
[Site "Minsk"]
[Date "2019.08.15"]
[Round "2.6"]
[White "Sychev, Klementy"]
[Black "Tsaruk, Maksim"]
[Result "1-0"]
[WhiteElo "2564"]
[BlackElo "2148"]
[PlyCount "103"]
[EventDate "2019.08.15"]
[EventType "swiss"]
[EventRounds "10"]
[EventCountry "BLR"]
[WhiteTeam "Ðîññèÿ"]
[BlackTeam "Áåëîðóññèÿ"]
[WhiteTeamCountry "RUS"]
[BlackTeamCountry "BLR"]

1. d4 Nf6 2. c4 e6 3. Nf3 b6 4. Bf4 Bb7 5. e3 Be7 6. h3 O-O 7. Nc3 d6 8. Be2
Nbd7 9. O-O Ne4 10. Nxe4 Bxe4 11. Bd3 Bxd3 12. Qxd3 c5 13. Rad1 cxd4 14. Nxd4
Nc5 15. Qe2 e5 16. Nc6 Qc7 17. Nxe7+ Qxe7 18. Bg3 Rac8 19. Rd5 Ne4 20. Qd3 f5
21. Rd1 Rc6 22. Bh2 Nc5 23. Qd2 Ne4 24. Qd3 Nc5 25. Qc2 g6 26. f3 Rfc8 27. b3
R8c7 28. Bg3 Nb7 29. Be1 Rc5 30. Bb4 Rxd5 31. Rxd5 Qe6 32. Qd2 Rc6 33. f4 exf4
34. exf4 Nc5 35. Qd4 Ne4 36. Ba3 Kf7 37. Kh2 Qf6 38. Qe3 Rc7 39. Qd3 Rd7 40.
Bb4 Qh4 41. Qf3 Nf6 42. g3 Qh6 43. Rxd6 Rxd6 44. Bxd6 g5 45. Qd3 gxf4 46. Bxf4
Qh5 47. Kg2 Ne4 48. g4 Qh4 49. Qd7+ Kg8 50. Qe6+ Kg7 51. Be5+ Nf6 52. Qxf5 1-0

[Event "Viktor Kupreichik Memorial Rapid"]
[Site "Minsk"]
[Date "2019.08.15"]
[Round "2.7"]
[White "Kalinin, Dmitry"]
[Black "Vaganian, Rafael A"]
[Result "0-1"]
[WhiteElo "2045"]
[BlackElo "2502"]
[PlyCount "40"]
[EventDate "2019.08.15"]
[EventType "swiss"]
[EventRounds "10"]
[EventCountry "BLR"]
[WhiteTeam "Áåëîðóññèÿ"]
[BlackTeam "Àðìåíèÿ"]
[WhiteTeamCountry "BLR"]
[BlackTeamCountry "ARM"]

1. d4 d5 2. c4 e6 3. Nc3 Be7 4. Nf3 Nf6 5. Bg5 h6 6. Bh4 O-O 7. cxd5 Nxd5 8.
Bxe7 Qxe7 9. Nxd5 exd5 10. e3 c6 11. Qc2 Nd7 12. Bd3 a5 13. O-O Re8 14. Rae1
Qd6 15. Nh4 g6 16. f4 Kg7 17. Rf3 Qf6 18. Qf2 Nf8 19. Rg3 Qxh4 20. Bxg6 fxg6
0-1